000 00241nam a2200097Ia 4500
008 170627s9999 xx 000 0 und d
100 _aFABOZZI - FRANK
245 0 _aFOUNDATION OF FINANCIAL MARKETS &INSTIUTIONS
260 _bPEARSON
260 _c2006
546 _aENGLISH
999 _c35584
_d35584